000 00482nam a2200181Ia 4500
003 GCL
008 140319s9999 xx 000 0 eng d
040 _aGCL /
_cGCL
082 0 4 _a658.3
_bI D
100 1 _aIVANOVIC, A.
245 1 0 _aDICTIONARY OF PERSONAL MANAGEMENT /
_cIVANOVIC, A.
700 1 _aCOLLIN, PETER HODGSON
260 _a[S.N] :
_bPETER COLLIN PUBLISHING ،
_c1988
300 _a194
650 0 4 _aPERSONAL MANAGEMENT
650 0 4 _aDICTIONARIES
942 _2ddc
_cBK
999 _c25480
_d25480